| 000 | 00908nam a2200217 a 4500 | ||
|---|---|---|---|
| 001 | BRCA_301 | ||
| 005 | 20190320202943.0 | ||
| 008 | 851125s1978 mx-#---###---f000-0aspa-# | ||
| 040 |
_aDLC _cDLC _dDLC |
||
| 050 | 4 |
_aF1225 _b.L46 1978 |
|
| 100 | 1 |
_aQuintana, José Miguel _91011 |
|
| 245 | 1 | 0 |
_aCorrespondencia del doctor Nicolás León _cJosé Miguel Quintana. |
| 260 |
_a[México (Ciudad) _bInstituto de Investigaciones Bibliográficas, _c1978] |
||
| 300 |
_ap. 74-478 _c23 cm. |
||
| 500 | _aSobretiro del Boletín del Instituto de Investigaciones Bibliográficas, número 14-15, 1977-1978. | ||
| 600 | 1 | 4 |
_aLeón, Nicolás _d1859-1929 _xCorrespondencia _91012 |
| 650 | 1 | 4 |
_aHistoriadores _xCorrespondencia _zMéxico _91013 |
| 650 | 1 | 4 |
_aIndigenistas _xCorrespondencia _zMéxico _91014 |
| 730 | 0 |
_aBoletín del Instituto de Investigaciones Bibliográficas _nno. 14-15, 1977-1978 (Suplemento) _91015 |
|
| 942 |
_2lcc _cB |
||
| 999 |
_c243 _d243 |
||